000 00530nam a2200169Ia 4500
008 090201s9999 xx 000 0 und d
010 _aKPL-35074
040 _bमराठी
041 _aमराठी
082 _a18472
_b35074
100 _aविजया राजाध्यक्ष
245 _aअधांतर
_cविजया राजाध्यक्ष
260 _c2004
_bसन पब्लिकेशन्स
300 _a205
_bमोठा
600 _aअधांतर
942 _cBOOK
999 _c218334
_d218334